|
|
|
|
| LEADER |
00000nam a22000007a 4500 |
| 008 |
251106s1989 cr |||| o|||| 00| 0 spa d |
| 040 |
|
|
|a UAHC
|c UAHC
|
| 110 |
|
|
|a Naciones Unidas
|9 6026
|
| 245 |
|
|
|a Convención sobre los Derechos del Niño
|c Asamblea general de las Naciones Unidas.
|
| 260 |
|
|
|a Costa Rica :
|b OEA,
|c 1989.
|
| 300 |
|
|
|a 24 páginas
|
| 500 |
|
|
|a Sitio visitado https://www.ohchr.org/es/instruments-mechanisms/instruments/convention-rights-child el 6 de noviembre de 2025.
|
| 520 |
|
|
|a Teniendo presente que la necesidad de proporcionar al niño una protección especial ha sido enunciada en la Declaración de Ginebra de 1924 sobre los Derechos del Niño y en la Declaración de los Derechos del Niño adoptada por la Asamblea General el 20 de noviembre de 1959, y reconocida en la Declaración Universal de Derechos Humanos, en el Pacto Internacional de Derechos Civiles y Políticos (en particular, en los artículos 23 y 24), en el Pacto Internacional de Derechos Económicos, Sociales y Culturales (en particular, en el artículo 10) y en los estatutos e instrumentos pertinentes de los organismos especializados y de las organizaciones internacionales que se interesan en el bienestar del niño,
|
| 856 |
|
|
|y Acceso electrónico al documento
|u https://www.ohchr.org/es/instruments-mechanisms/instruments/convention-rights-child
|
| 942 |
|
|
|c RL
|2 ddc
|
| 952 |
|
|
|0 0
|1 0
|2 ddc
|4 0
|6 RECURSO_ELECTRÓNICO
|7 0
|8 COMP
|9 101449
|a BR
|b BR
|c Digital
|d 2025-11-06
|l 0
|o Recurso electrónico
|r 2025-11-06 18:18:26
|w 2025-11-06
|y RL
|B DER
|
| 999 |
|
|
|c 63148
|d 63148
|